01431nam0a22002291 4500001001000000005001700010035002600027100004100053101000800094102000700102105001800109200007200127210003800199215003300237225013400270327024300404464046000647702003401107801001801141801002201159852002001181rc\54840420250621125625.0 a(NLR Aleph) 005784639 a20030616d1987 |||y0rusy50 ca0 arus aRU aa |||||||||1 aЧекистыeСборникf[Сост. А.Н. Николаев] aМ.cМол. гвардияd1987 a413, [2], [24] л. ил.d221 aЖизнь замечательных людейeСер. биогр.eОсн. в 1933 г. М. ГорькимvВып. 15 (682)1 aСодерж.: О И.К. Ксенофонтове, Я.Х. Петерсе, М.С. Кедрове, М.А. Трилиссере, Е.Г. Евдокимове, Г.С. Сыроежкине, Н.А. Прокопюке, С.А. Ваупшасове 012001#$aО И.К. Ксенофонтове, Я.Х. Петерсе, М.С. Кедрове, М.А. Трилиссере, Е.Г. Евдокимове, Г.С. Сыроежкине, Н.А. Прокопюке, С.А. ВаупшасовеtО И.К. Ксенофонтове, Я.Х. Петерсе, М.С. Кедрове, М.А. Трилиссере, Е.Г. Евдокимове, Г.С. Сыроежкине, Н.А. Прокопюке, С.А. Ваупшасове 1aНиколаевbА.Н.4220 0aRUbNLRgpsbo 1aRUbELAR2rusmarc aNLRj87-3/13760